[Event "World Junior Chess Championship U18 g"]
[Site "Gaziantep"]
[Date "2008.08.11"]
[Round "9.6"]
[White "Pertlova, Sona"]
[Black "Hoolt, Sarah"]
[Result "1/2-1/2"]
[WhiteElo "2217"]
[BlackElo "2298"]
[PlyCount "83"]
[EventDate "2008.08.??"]
[EventType "swiss"]
[EventRounds "13"]
[EventCountry "TUR"]

1. d4 Nf6 2. c4 g6 3. Nc3 d5 4. Nf3 Bg7 5. Bf4 O-O 6. Rc1 dxc4 7. e4 Bg4 8.
Bxc4 Nh5 9. Be3 Bxf3 10. gxf3 e5 11. dxe5 Bxe5 12. Qxd8 Rxd8 13. O-O Nd7 14.
Ne2 Nb6 15. Bb3 c6 16. Rb1 Ng7 17. f4 Bc7 18. Rfc1 Re8 19. Ng3 Rad8 20. a4 a5
21. Bd1 Ne6 22. b4 axb4 23. Rxb4 c5 24. Rbb1 Nxf4 25. Rxc5 Bb8 26. Rcc1 Nd7 27.
Rxb7 Nd3 28. Rcb1 N7c5 29. R7b5 Bxg3 30. Bxc5 Nxc5 31. Rxc5 Bd6 32. Rc4 Re5 33.
f4 Rc5 34. Rd4 Rcc8 35. Rd5 Bxf4 36. Bb3 Rxd5 37. Bxd5 Rc1+ 38. Rxc1 Bxc1 39.
a5 Be3+ 40. Kg2 Kf8 41. Kf3 Bd4 42. a6 1/2-1/2

[Event "World Junior Chess Championship U18 g"]
[Site "Gaziantep"]
[Date "2008.08.11"]
[Round "9.7"]
[White "Kazimova, Narmin"]
[Black "Mamedjarova, Turkan"]
[Result "1/2-1/2"]
[WhiteElo "2148"]
[BlackElo "2284"]
[PlyCount "75"]
[EventDate "2008.08.??"]
[EventType "swiss"]
[EventRounds "13"]
[EventCountry "TUR"]

1. c4 e5 2. Nc3 d6 3. g3 g6 4. d4 Nc6 5. Nf3 exd4 6. Nxd4 Ne5 7. Bg2 Bg7 8. O-O
Ne7 9. Qb3 O-O 10. Rd1 c6 11. Bg5 h6 12. Bf4 Qc7 13. h4 Rd8 14. Rd2 Qb6 15.
Rad1 Qc5 16. Ne4 Qxc4 17. Bxe5 Qxb3 18. Nxb3 Bxe5 19. Nxd6 Rxd6 20. Rxd6 Bxd6
21. Rxd6 Bg4 22. e4 Be6 23. Nc5 Bxa2 24. Rd7 b6 25. Rxe7 bxc5 26. e5 Rb8 27.
Rxa7 Rxb2 28. Bxc6 Be6 29. Ra8+ Kg7 30. Ra5 Rc2 31. Kg2 g5 32. hxg5 hxg5 33.
Kf3 g4+ 34. Ke3 Kh6 35. Be4 Rc1 36. Kd2 Rf1 37. Ke2 Rc1 38. Kd2 1/2-1/2

[Event "World Junior Chess Championship U18 g"]
[Site "Gaziantep"]
[Date "2008.08.11"]
[Round "9.8"]
[White "Abrahamyan, Tatev"]
[Black "Ivakhinova, Inna"]
[Result "1-0"]
[WhiteElo "2277"]
[BlackElo "2248"]
[PlyCount "119"]
[EventDate "2008.08.??"]
[EventType "swiss"]
[EventRounds "13"]
[EventCountry "TUR"]

1. e4 c5 2. Nf3 d6 3. d4 cxd4 4. Nxd4 Nf6 5. Nc3 a6 6. Be3 Ng4 7. Bg5 h6 8. Bh4
g5 9. Bg3 Bg7 10. h3 Ne5 11. f3 Nbc6 12. Bf2 Ng6 13. Qd2 Qa5 14. Nd5 Qxd2+ 15.
Kxd2 Rb8 16. c3 Be6 17. Nc7+ Kd7 18. Ncxe6 fxe6 19. Bc4 Nf4 20. g3 Na5 21. Bf1
Ng6 22. b4 Nc6 23. b5 Na5 24. Rb1 Ne5 25. f4 gxf4 26. gxf4 Nec4+ 27. Bxc4 Nxc4+
28. Kd3 Na3 29. Rb3 Nxb5 30. Nxb5 axb5 31. Rxb5 Rhc8 32. e5 Rc7 33. Bb6 Rc6 34.
Ba7 Ra8 35. Rxb7+ Rc7 36. Rxc7+ Kxc7 37. Bd4 dxe5 38. fxe5 Rxa2 39. Rg1 Bf8 40.
Rg8 Ra8 41. h4 Kd7 42. Be3 Rd8 43. Ke4 Rc8 44. Kf3 h5 45. Ke4 Ra8 46. c4 Rc8
47. c5 Ra8 48. Rh8 Ra4+ 49. Bd4 Bg7 50. Rh7 Bf8 51. Rxh5 Ke8 52. Rh7 Ra2 53. h5
Rh2 54. Be3 Rg2 55. h6 Rg8 56. c6 Kd8 57. Bb6+ Kc8 58. Kf3 Kb8 59. Bd8 Rg6 60.
Rh8 1-0

[Event "World Junior Chess Championship U18 g"]
[Site "Gaziantep"]
[Date "2008.08.11"]
[Round "9.9"]
[White "Nadig, Kruttika"]
[Black "Preethi, Rajkumar"]
[Result "1/2-1/2"]
[WhiteElo "2241"]
[BlackElo "2183"]
[PlyCount "106"]
[EventDate "2008.08.??"]
[EventType "swiss"]
[EventRounds "13"]
[EventCountry "TUR"]

1. e4 c5 2. Nf3 Nc6 3. d4 cxd4 4. Nxd4 Nf6 5. Nc3 e5 6. Ndb5 d6 7. Bg5 a6 8.
Na3 b5 9. Nd5 Be7 10. Bxf6 Bxf6 11. c3 O-O 12. Nc2 Bg5 13. a4 bxa4 14. Rxa4 Kh8
15. Bc4 a5 16. Nce3 Be6 17. O-O g6 18. Qd3 Rb8 19. b3 f5 20. Rfa1 Bd7 21. R4a2
fxe4 22. Qxe4 Qc8 23. Qc2 Be6 24. Qe2 Bd8 25. Qb2 Bf7 26. Qa3 Qd7 27. Rd1 Be8
28. Nf1 g5 29. Ng3 Bg6 30. Be2 Rf7 31. h3 Ne7 32. Nxe7 Qxe7 33. Qxd6 Qxd6 34.
Rxd6 Bc7 35. Rd1 Bb6 36. Bc4 Rf6 37. Re1 Rbf8 38. Rxe5 Bxf2+ 39. Kh2 Bb6 40.
Rxg5 h6 41. Rb5 Be8 42. Re5 Bc7 43. Re6 h5 44. h4 Rxe6 45. Bxe6 Rf6 46. Re2 Rg6
47. Re3 Bxg3+ 48. Rxg3 Rxe6 49. Rg5 Ra6 50. g4 hxg4 51. Rxg4 a4 52. bxa4 Rxa4
53. Rxa4 Bxa4 1/2-1/2

[Event "World Junior Chess Championship U18 g"]
[Site "Gaziantep"]
[Date "2008.08.11"]
[Round "9.10"]
[White "Bodnaruk, Anastasia"]
[Black "Muminova, Nafisa"]
[Result "1/2-1/2"]
[WhiteElo "2394"]
[BlackElo "2242"]
[PlyCount "303"]
[EventDate "2008.08.??"]
[EventType "swiss"]
[EventRounds "13"]
[EventCountry "TUR"]

1. e4 e6 2. d4 d5 3. Nc3 Nf6 4. Bg5 Bb4 5. e5 h6 6. Be3 Ne4 7. Qg4 Kf8 8. a3
Bxc3+ 9. bxc3 c5 10. Bd3 Nxc3 11. dxc5 Nc6 12. Nf3 f5 13. Qh4 Qxh4 14. Nxh4 Kf7
15. f4 d4 16. Bf2 Rd8 17. Bc4 Na5 18. Ba2 g6 19. Nf3 Nc6 20. Bc4 a6 21. h4 Na4
22. O-O-O Nxc5 23. Nxd4 Ne4 24. Be3 Nxd4 25. Bxd4 b5 26. Bb3 Bb7 27. Bb6 Rxd1+
28. Rxd1 Bc6 29. Be3 Rc8 30. Kb2 a5 31. Rd3 Rb8 32. c3 Ke7 33. Kc2 Rb7 34. c4
bxc4 35. Bxc4 Ba4+ 36. Bb3 Bb5 37. Rd4 Nc5 38. Bc4 Ba4+ 39. Kc1 Rc7 40. Kb2 Bc6
41. Bd2 Ra7 42. Rd6 Bd7 43. Be1 Ne4 44. Rb6 Rc7 45. Bb5 Ra7 46. a4 Nc5 47. Ka3
Bxb5 48. axb5 Rd7 49. Bxa5 Rd3+ 50. Kb4 Rd5 51. Rb8 Nd3+ 52. Kc4 Nxf4 53. Bc7
Kd7 54. Bd6 Nxg2 55. Rb7+ Kd8 56. Rb8+ Kd7 57. Rb7+ Kd8 58. b6 Ne3+ 59. Kb4 Rd1
60. Rb8+ Kd7 61. Kc5 Rd5+ 62. Kb4 Kc6 63. Rg8 Kxb6 64. Rxg6 Rd4+ 65. Kc3 Rxh4
66. Rxe6 Nd5+ 67. Kd2 Kb5 68. Re8 Kc4 69. e6 Rd4+ 70. Ke1 Kd3 71. e7 Re4+ 72.
Kf2 Re2+ 73. Kf1 Re6 74. Rd8 Nxe7 75. Bxe7+ Ke3 76. Bc5+ Kf3 77. Rd3+ Kg4 78.
Bf2 f4 79. Kg2 Rf6 80. Rh3 f3+ 81. Kh2 Re6 82. Rh4+ Kg5 83. Kg3 h5 84. Rc4 Rf6
85. Be3+ Kg6 86. Bf4 Ra6 87. Kxf3 Ra3+ 88. Be3 Ra6 89. Rc5 Rf6+ 90. Ke4 Re6+
91. Kd3 Rd6+ 92. Ke2 Rf6 93. Rg5+ Kh6 94. Rg3+ Kh7 95. Kd3 Rg6 96. Rh3 Rd6+ 97.
Ke4 Kg6 98. Rg3+ Kf6 99. Bd4+ Ke6 100. Rg7 Rc6 101. Rh7 Rc1 102. Rh6+ Kf7 103.
Rxh5 Re1+ 104. Be3 Kg6 105. Rh6+ Kf7 106. Rc6 Kg7 107. Kf4 Kf7 108. Bd4 Re6
109. Rc5 Re1 110. Rc6 Re6 111. Rc1 Ke8 112. Kf5 Kd7 113. Be5 Rc6 114. Rd1+ Kc8
115. Rb1 Ra6 116. Rc1+ Kb7 117. Ke4 Rc6 118. Rg1 Kb6 119. Rb1+ Kc5 120. Bd4+
Kd6 121. Rg1 Ke6 122. Rg5 Rc1 123. Rg6+ Kf7 124. Rf6+ Ke7 125. Kd5 Rh1 126. Rg6
Rd1 127. Rg7+ Kf8 128. Rb7 Rd2 129. Ke5 Rc2 130. Kf5 Rc1 131. Bf6 Rf1+ 132. Ke6
Re1+ 133. Be5 Kg8 134. Rb8+ Kh7 135. Rh8+ Kg6 136. Rg8+ Kh7 137. Rg2 Re3 138.
Kf7 Rh3 139. Bf6 Kh6 140. Rg5 Rb3 141. Rg4 Rb7+ 142. Be7 Rb5 143. Rh4+ Rh5 144.
Rf4 Rb5 145. Bf6 Rb7+ 146. Ke6 Rb6+ 147. Kf5 Rb5+ 148. Be5 Kh5 149. Rf2 Rb4
150. Rg2 Ra4 151. Rg5+ Kh4 152. Rg2 1/2-1/2

[Event "World Junior Chess Championship U18 g"]
[Site "Gaziantep"]
[Date "2008.08.11"]
[Round "9.11"]
[White "Toth, Sarolta"]
[Black "Nemcova, Katerina"]
[Result "0-1"]
[WhiteElo "2151"]
[BlackElo "2372"]
[PlyCount "132"]
[EventDate "2008.08.??"]
[EventType "swiss"]
[EventRounds "13"]
[EventCountry "TUR"]

1. c4 e5 2. Nc3 Nf6 3. g3 d5 4. cxd5 Nxd5 5. Bg2 Nb6 6. Nf3 Nc6 7. O-O Be7 8.
d3 O-O 9. Be3 Be6 10. Ne4 Bd5 11. Nc5 Nd4 12. Bxd4 exd4 13. Qc2 Re8 14. Rac1
Bf6 15. Rfe1 Rb8 16. b4 c6 17. a4 g6 18. Rb1 Bg7 19. Qd2 f5 20. Qf4 Nd7 21.
Nxd7 Qxd7 22. Rec1 Rbc8 23. Rb2 Re7 24. Bf1 Kh8 25. Nd2 Qe6 26. Nc4 g5 27. Qd2
Qf6 28. Bg2 Bf7 29. Bf3 g4 30. Bg2 Bh6 31. Qc2 Bxc1 32. Qxc1 Rce8 33. Bf1 Bd5
34. Rc2 Rd8 35. Qf4 Bxc4 36. Rxc4 Qe5 37. Qg5 Rg8 38. Qc1 Rg6 39. Qb2 Rd6 40.
Rc2 Kg7 41. Bg2 Rde6 42. Rc5 Qf6 43. Rc2 Kg6 44. Kf1 Qe5 45. Qc1 a5 46. Qb2
axb4 47. Qxb4 Qd6 48. Qb6 Rd7 49. Qb2 Re5 50. Qb3 Qe6 51. Qb4 Re7 52. Qb2 Qd6
53. Qb3 Kg7 54. Qb6 R5e6 55. Qb2 Re5 56. Qb6 Rd7 57. f4 Re3 58. Qb2 Qe6 59. Rc4
Qf6 60. Rc2 Rde7 61. Qb4 Qg6 62. Qb6 Qe6 63. Qb2 Rxd3 64. Qc1 Re3 65. Qd2 d3
66. exd3 Rxd3 0-1

[Event "World Junior Chess Championship U18 g"]
[Site "Gaziantep"]
[Date "2008.08.11"]
[Round "9.12"]
[White "Foisor, Sabina-Francesca"]
[Black "Yildiz, Betül Cemre"]
[Result "1-0"]
[WhiteElo "2337"]
[BlackElo "2236"]
[PlyCount "69"]
[EventDate "2008.08.??"]
[EventType "swiss"]
[EventRounds "13"]
[EventCountry "TUR"]

1. d4 d5 2. Bf4 e6 3. e3 Bd6 4. Bg3 Qe7 5. a3 Nf6 6. Nf3 Nbd7 7. c4 dxc4 8.
Bxc4 e5 9. Nc3 c6 10. O-O O-O 11. Qc2 exd4 12. exd4 Bxg3 13. hxg3 Nb6 14. Ba2
Qd6 15. Ne4 Nxe4 16. Qxe4 Bd7 17. Ng5 Qh6 18. Qf4 Qh5 19. Rae1 Rae8 20. Rxe8
Bxe8 21. g4 Qg6 22. Bb1 Nd5 23. Qe5 Qh6 24. Nxh7 f6 25. Qd6 Rf7 26. Re1 Nc7 27.
Ba2 Kxh7 28. Bxf7 Bxf7 29. Qxc7 Qd2 30. Re3 Qd1+ 31. Kh2 Bd5 32. Qf4 Qf1 33.
Qf5+ Kg8 34. Qc8+ Kf7 35. Qe8# 1-0

[Event "World Junior Chess Championship U18 g"]
[Site "Gaziantep"]
[Date "2008.08.11"]
[Round "9.13"]
[White "Gomes, Mary Ann"]
[Black "Isgandarova, Khayala"]
[Result "1/2-1/2"]
[WhiteElo "2316"]
[BlackElo "2207"]
[PlyCount "116"]
[EventDate "2008.08.??"]
[EventType "swiss"]
[EventRounds "13"]
[EventCountry "TUR"]

1. Nf3 Nf6 2. c4 g6 3. Nc3 Bg7 4. g3 O-O 5. Bg2 d5 6. d4 Nc6 7. O-O dxc4 8. d5
Na5 9. Qa4 c6 10. dxc6 Nxc6 11. Qxc4 Qa5 12. Qh4 Rd8 13. Bh6 Bh8 14. e4 Qh5 15.
Qxh5 Nxh5 16. Rfd1 Be6 17. a3 Bb3 18. Rd2 Nd4 19. Nxd4 Rxd4 20. Rxd4 Bxd4 21.
Nb5 Bb6 22. e5 Rb8 23. Be3 Bxe3 24. fxe3 Ng7 25. Rc1 Nf5 26. Rc3 Be6 27. Kf2
Rd8 28. Ke1 a6 29. Nc7 Bc8 30. Nd5 Kf8 31. Nb6 Be6 32. Ke2 Nh6 33. Rd3 Rxd3 34.
Kxd3 Ng4 35. h4 Nxe5+ 36. Kd4 Nc6+ 37. Bxc6 bxc6 38. Kc5 f6 39. Kxc6 g5 40. Na4
Bc4 41. Nc5 gxh4 42. gxh4 e5 43. b4 Ke7 44. a4 f5 45. b5 axb5 46. axb5 f4 47.
b6 fxe3 48. b7 e2 49. b8=Q e1=Q 50. Qc7+ Kf6 51. Qxh7 Bf7 52. Qh6+ Ke7 53. Qg5+
Ke8 54. Qf6 Qh1+ 55. Kc7 Qd5 56. Nb7 Qd7+ 57. Kb8 Kf8 58. Nd6 Qe6 1/2-1/2

[Event "World Junior Chess Championship U18 g"]
[Site "Gaziantep"]
[Date "2008.08.11"]
[Round "9.14"]
[White "Alavi, Hour Homa"]
[Black "Paikidze, Nazi"]
[Result "1/2-1/2"]
[WhiteElo "1723"]
[BlackElo "2277"]
[PlyCount "63"]
[EventDate "2008.08.??"]
[EventType "swiss"]
[EventRounds "13"]
[EventCountry "TUR"]

1. d4 d5 2. Nf3 e6 3. Bf4 Nf6 4. e3 c5 5. c3 Nc6 6. Nbd2 Be7 7. Bd3 Qb6 8. Qc2
cxd4 9. exd4 h6 10. O-O O-O 11. Ne5 Nxe5 12. dxe5 Nd7 13. Rae1 Nc5 14. Be2 Bd7
15. Be3 Qc7 16. Nf3 b6 17. c4 dxc4 18. Qxc4 Qb7 19. Qg4 Qe4 20. Qxe4 Nxe4 21.
Nd4 Nc5 22. Rc1 Rac8 23. b4 Na4 24. a3 Nc3 25. Ba6 Rc7 26. Bd2 Nd5 27. Rxc7
Nxc7 28. Bd3 Rc8 29. Rc1 Nd5 30. Rxc8+ Bxc8 31. Nc6 a6 32. Nxe7+ 1/2-1/2

[Event "World Junior Chess Championship U18 g"]
[Site "Gaziantep"]
[Date "2008.08.11"]
[Round "9.15"]
[White "Dauletova, Gulmira"]
[Black "Gasik, Anna"]
[Result "1/2-1/2"]
[WhiteElo "2267"]
[BlackElo "2211"]
[PlyCount "143"]
[EventDate "2008.08.??"]
[EventType "swiss"]
[EventRounds "13"]
[EventCountry "TUR"]

1. e4 c5 2. Nf3 e6 3. d4 cxd4 4. Nxd4 a6 5. Bd3 Nf6 6. O-O Qc7 7. Qe2 d6 8. c4
g6 9. Nc3 Bg7 10. Rd1 O-O 11. Nf3 Nc6 12. Be3 Nd7 13. Rac1 Nc5 14. Bb1 b6 15.
Qd2 Rd8 16. Bf4 Bf8 17. Bg5 Re8 18. h4 Ne5 19. Qe2 Ncd7 20. b3 Nxf3+ 21. Qxf3
Ne5 22. Qg3 h5 23. Be3 Bg7 24. Bd4 Bh6 25. Rc2 Bb7 26. Re2 Bc6 27. a4 Rab8 28.
Ba2 Bg7 29. Red2 Red8 30. b4 Be8 31. Bxe5 dxe5 32. Qg5 Rxd2 33. Qxd2 Bf6 34. g3
Be7 35. Qb2 Ra8 36. Rc1 Qd6 37. c5 bxc5 38. b5 axb5 39. axb5 c4 40. Bxc4 Qd4
41. Qe2 Rc8 42. Na2 Ba3 43. Rc2 Rd8 44. Kg2 Kg7 45. Nc1 Be7 46. Nb3 Qb6 47. Ra2
Rc8 48. Ra6 Qc7 49. Na5 Bc5 50. Nc6 Bb6 51. Qb2 Bxc6 52. bxc6 Qxc6 53. Bd3 Qc3
54. Rxb6 Qxd3 55. Qxe5+ Kh7 56. Rb7 Kg8 57. Qf4 Rf8 58. Rc7 Qe2 59. Qe5 Qd1 60.
Ra7 Qe2 61. Ra3 Qd1 62. Rf3 Qd7 63. Qg5 Qd8 64. Qf4 Qd4 65. g4 e5 66. Qg5 Qxe4
67. gxh5 Kh7 68. Kg3 f6 69. Rxf6 Rxf6 70. Qxf6 gxh5 71. Qf7+ Kh6 72. Qf8+
1/2-1/2

[Event "World Junior Chess Championship U18 g"]
[Site "Gaziantep"]
[Date "2008.08.11"]
[Round "9.16"]
[White "Borosova, Zuzana"]
[Black "Hamrakulova, Yulduz"]
[Result "1-0"]
[WhiteElo "2254"]
[BlackElo "2145"]
[PlyCount "89"]
[EventDate "2008.08.??"]
[EventType "swiss"]
[EventRounds "13"]
[EventCountry "TUR"]

1. e4 e5 2. Nf3 Nf6 3. Nxe5 d6 4. Nf3 Nxe4 5. Nc3 Nxc3 6. dxc3 Be7 7. Bf4 Nd7
8. Qd2 O-O 9. O-O-O Nc5 10. Be3 Re8 11. Kb1 Bf6 12. Nd4 Ne4 13. Qc1 c5 14. Ne2
Qb6 15. Ka1 Be7 16. f3 Nf6 17. Nf4 Be6 18. g4 Qc6 19. Rg1 d5 20. Nxe6 Qxe6 21.
Qd2 Red8 22. Bh3 Ne8 23. f4 Qh6 24. Qg2 Nc7 25. g5 Qb6 26. Bc1 d4 27. c4 Qa6
28. Qe4 Bf8 29. Bf1 Re8 30. Qf3 Rab8 31. f5 f6 32. gxf6 Qxf6 33. Bg5 Qf7 34. f6
Ne6 35. h4 g6 36. h5 Nxg5 37. Rxg5 Bh6 38. hxg6 hxg6 39. Rxc5 Re6 40. Qg3 Rbe8
41. Bg2 Re3 42. Qh4 Kh7 43. Rh1 Qxf6 44. Qxh6+ Kg8 45. Bd5+ 1-0

[Event "World Junior Chess Championship U18 g"]
[Site "Gaziantep"]
[Date "2008.08.11"]
[Round "9.17"]
[White "Padmini, Rout"]
[Black "Eric, Jovena"]
[Result "1/2-1/2"]
[WhiteElo "2257"]
[BlackElo "2111"]
[PlyCount "132"]
[EventDate "2008.08.??"]
[EventType "swiss"]
[EventRounds "13"]
[EventCountry "TUR"]

1. e4 c5 2. Nf3 d6 3. d4 cxd4 4. Nxd4 Nf6 5. Nc3 a6 6. Bg5 e6 7. f4 Nbd7 8. Qf3
Qc7 9. O-O-O Be7 10. Bd3 h6 11. Qh3 Nb6 12. f5 e5 13. Bxf6 Bxf6 14. Nde2 Bd7
15. Nd5 Nxd5 16. exd5 b5 17. Nc3 Qa5 18. Kb1 b4 19. Ne4 Ke7 20. Qf3 Rhc8 21. g4
Bh4 22. g5 Bxg5 23. Nxg5 hxg5 24. f6+ gxf6 25. Rhf1 Kd8 26. Qxf6+ Kc7 27. Qxg5
Rf8 28. Bf5 Bxf5 29. Rxf5 Qb5 30. h4 Qd7 31. Rdf1 Rae8 32. Qd2 Rb8 33. h5 a5
34. c4 Kb7 35. Qf2 Ka6 36. Rf6 Rb6 37. Qe2 Ka7 38. h6 Rb7 39. Qe3+ Kb8 40. c5
dxc5 41. Qxe5+ Ka7 42. d6 Qb5 43. Qd5 b3 44. Qxb3 Qe2 45. Qc3 Rxb2+ 46. Qxb2
Rb8 47. Rxf7+ Ka8 48. Qxb8+ Kxb8 49. R1f2 Qd1+ 50. Kb2 Qd4+ 51. Kc2 Qc4+ 52.
Kd1 Qd3+ 53. Rd2 Qb1+ 54. Ke2 Qe4+ 55. Kf2 Qh4+ 56. Ke3 Qxh6+ 57. Rf4 Qh3+ 58.
Ke4 Qe6+ 59. Kf3 Qh3+ 60. Kf2 Qh2+ 61. Ke3 Qg3+ 62. Ke4 Qe1+ 63. Kd3 Qg3+ 64.
Ke4 Qe1+ 65. Kd3 Qg3+ 66. Ke4 Qe1+ 1/2-1/2

[Event "World Junior Chess Championship U18 g"]
[Site "Gaziantep"]
[Date "2008.08.11"]
[Round "9.18"]
[White "Pourkashiyan, Atousa"]
[Black "Davletbazeva, Madina"]
[Result "1/2-1/2"]
[WhiteElo "2269"]
[BlackElo "2155"]
[PlyCount "150"]
[EventDate "2008.08.??"]
[EventType "swiss"]
[EventRounds "13"]
[EventCountry "TUR"]

1. e4 Nf6 2. e5 Nd5 3. d4 d6 4. Nf3 Bg4 5. Be2 Nc6 6. c4 Nb6 7. exd6 exd6 8.
O-O Be7 9. d5 Bxf3 10. Bxf3 Ne5 11. Be2 O-O 12. Qc2 Qd7 13. b3 f5 14. f4 Ng6
15. Bb2 Bf6 16. Bxf6 Rxf6 17. Nc3 a5 18. Rae1 Re8 19. Qd2 Rf7 20. Bd3 Rfe7 21.
g3 c6 22. Rxe7 Nxe7 23. dxc6 bxc6 24. Re1 g6 25. Bf1 Kf7 26. Bg2 Ng8 27. Rxe8
Qxe8 28. h3 Qd7 29. Ne2 a4 30. Nd4 Ne7 31. Nf3 axb3 32. axb3 h6 33. Qd4 Qd8 34.
Ne5+ Kg8 35. Nxc6 Nxc6 36. Bxc6 Qc7 37. Bg2 Qc5 38. Qxc5 dxc5 39. Kf2 Kf7 40.
Ke3 Ke6 41. Kd3 Kd6 42. Kc3 Nd7 43. b4 cxb4+ 44. Kxb4 Nc5 45. Bd5 Na6+ 46. Kc3
Nc5 47. Kd4 Nb3+ 48. Ke3 Ke7 49. Kd3 Nc5+ 50. Kd4 Kd6 51. Bf7 g5 52. Ke3 Ke7
53. Bd5 Kd6 54. Kf3 Nd3 55. Bg8 gxf4 56. gxf4 Kc5 57. Be6 Nb2 58. Bxf5 Nxc4 59.
Be6 Nd6 60. Kg4 Kd4 61. Bg8 Ke3 62. Bh7 h5+ 63. Kg3 Ne8 64. Bb1 Ng7 65. Bg6 Kd4
66. Kh4 Ke3 67. f5 Kf4 68. f6 Ne6 69. Bf7 Nd8 70. Bxh5 Kf5 71. f7 Nxf7 72. Bxf7
Kf6 73. Bc4 Kg7 74. Kg5 Kh8 75. Bd3 Kg7 1/2-1/2

[Event "World Junior Chess Championship U18 g"]
[Site "Gaziantep"]
[Date "2008.08.11"]
[Round "9.19"]
[White "Chierici, Marianna"]
[Black "Corke, Anya"]
[Result "0-1"]
[WhiteElo "2037"]
[BlackElo "2255"]
[PlyCount "70"]
[EventDate "2008.08.??"]
[EventType "swiss"]
[EventRounds "13"]
[EventCountry "TUR"]

1. e4 e6 2. d3 d5 3. Nd2 Nf6 4. Ngf3 b6 5. g3 dxe4 6. dxe4 Bb7 7. Qe2 Nc6 8. c3
a5 9. Bg2 Ba6 10. c4 e5 11. O-O Bc5 12. Nb3 Bd6 13. Be3 a4 14. Nbd2 a3 15. b3
O-O 16. Nh4 Re8 17. Nf5 Bf8 18. Rfd1 g6 19. Nh4 Qe7 20. Nb1 Rad8 21. Nc3 Nd4
22. Qf1 Nc2 23. Rac1 Nxe3 24. fxe3 c6 25. Qf2 Ng4 26. Qe2 Qg5 27. Re1 Bc5 28.
Nd1 Rxd1 29. Qxd1 Bxe3+ 30. Kf1 Nxh2+ 31. Ke2 Bxc1 32. Qxc1 Qxg3 33. Qe3 Qxh4
34. Qxb6 Bc8 35. Qg1 Rd8 0-1

[Event "World Junior Chess Championship U18 g"]
[Site "Gaziantep"]
[Date "2008.08.11"]
[Round "9.20"]
[White "Daulyte, Deimante"]
[Black "Shamima, Akter"]
[Result "1/2-1/2"]
[WhiteElo "2288"]
[BlackElo "2099"]
[PlyCount "134"]
[EventDate "2008.08.??"]
[EventType "swiss"]
[EventRounds "13"]
[EventCountry "TUR"]

1. e4 c5 2. Nf3 e6 3. d4 cxd4 4. Nxd4 Nc6 5. Nc3 Qc7 6. Be2 a6 7. O-O Nf6 8.
Be3 Bb4 9. Na4 Be7 10. Nxc6 bxc6 11. Nb6 Rb8 12. Nxc8 Qxc8 13. Bd4 c5 14. Be5
Rb6 15. Bf3 O-O 16. Bc3 d6 17. e5 dxe5 18. Bxe5 Nd7 19. Bc3 Bf6 20. Qe1 Qb8 21.
Bxf6 Nxf6 22. b3 Qc7 23. Qc3 Rd8 24. Rfe1 Rd4 25. Rad1 Rbd6 26. Rxd4 Rxd4 27.
a3 a5 28. g3 h6 29. Bg2 Qb6 30. Qf3 c4 31. Qc6 Qxc6 32. Bxc6 cxb3 33. cxb3 Rd2
34. b4 axb4 35. axb4 Rb2 36. b5 Ng4 37. f3 Nxh2 38. Re5 g5 39. g4 Kf8 40. Re3
Ke7 41. Rd3 Kf6 42. Ba8 Nxg4 43. fxg4 Rxb5 44. Kf2 Rb4 45. Kg3 Kg6 46. Re3 h5
47. gxh5+ Kxh5 48. Bf3+ Kg6 49. Be2 Rd4 50. Bd3+ Kf6 51. Be2 Ke7 52. Bg4 Kd6
53. Rf3 Ke7 54. Re3 Rf4 55. Bd1 Kd6 56. Bb3 Rb4 57. Ba2 Ke7 58. Bb3 Kf6 59. Bd1
Rb5 60. Bh5 Ke7 61. Be2 Rc5 62. Kg4 f6 63. Kh5 Kd6 64. Kg6 Re5 65. Rd3+ Ke7 66.
Bf3 Rc5 67. Ra3 Rf5 1/2-1/2

[Event "World Junior Chess Championship U18 g"]
[Site "Gaziantep"]
[Date "2008.08.11"]
[Round "9.21"]
[White "Tsatsalashvili, Keti"]
[Black "Efroimski, Marsel"]
[Result "1-0"]
[WhiteElo "2271"]
[BlackElo "2091"]
[PlyCount "95"]
[EventDate "2008.08.??"]
[EventType "swiss"]
[EventRounds "13"]
[EventCountry "TUR"]

1. d4 d5 2. c4 e6 3. cxd5 exd5 4. Nc3 Nf6 5. Bg5 c6 6. e3 Bf5 7. Bd3 Bxd3 8.
Qxd3 Nbd7 9. Nge2 Be7 10. Ng3 h6 11. Bf4 O-O 12. h3 Nb6 13. Nf5 Nc4 14. Nxe7+
Qxe7 15. Rb1 Rfe8 16. O-O Ne4 17. Rfe1 Qb4 18. Nxe4 dxe4 19. Qe2 Rad8 20. a3
Qb3 21. Rec1 b5 22. Qe1 Re6 23. Rc3 Qa2 24. Qc1 Nb6 25. b3 Qe2 26. Bc7 Rd5 27.
Rc2 Qh5 28. Rxc6 Rg6 29. Bg3 Rdg5 30. Rxg6 Qxg6 31. Qc2 Nd5 32. Rc1 Nxe3 33.
Qc6 Qxc6 34. Rxc6 Nf5 35. Bf4 Rg6 36. Rc8+ Kh7 37. d5 Ra6 38. g4 g5 39. Be5 Nh4
40. Rh8+ Kg6 41. Rg8+ Kh7 42. Rg7+ Kh8 43. Rg6+ f6 44. Rxf6 Rxf6 45. Bxf6+ Kg8
46. d6 Nf3+ 47. Kf1 Kf7 48. d7 1-0

[Event "World Junior Chess Championship U18 g"]
[Site "Gaziantep"]
[Date "2008.08.11"]
[Round "9.22"]
[White "Ikonomopoulou, Maria"]
[Black "Leks, Hanna"]
[Result "1/2-1/2"]
[WhiteElo "2074"]
[BlackElo "2198"]
[PlyCount "101"]
[EventDate "2008.08.??"]
[EventType "swiss"]
[EventRounds "13"]
[EventCountry "TUR"]

1. e4 c5 2. Nf3 d6 3. d4 cxd4 4. Nxd4 Nf6 5. Nc3 Nc6 6. Bc4 Qb6 7. Nb3 e6 8.
O-O a6 9. Bd3 Be7 10. Be3 Qc7 11. f4 b5 12. Qf3 Bb7 13. Qh3 h5 14. Kh1 Ng4 15.
Bg1 O-O-O 16. a4 b4 17. Nb5 Qd7 18. N5d4 Nxd4 19. Nxd4 d5 20. e5 Kb8 21. Qf3
Rc8 22. a5 Bc5 23. c3 bxc3 24. bxc3 f6 25. Qe2 fxe5 26. fxe5 Ka7 27. Rfb1 Rhf8
28. Rb2 Rf7 29. Rab1 Rc7 30. Bg6 Re7 31. Rf1 Nh6 32. Qxh5 Qa4 33. Rfb1 Ka8 34.
Qe2 Bxd4 35. Rxb7 Rxb7 36. Qxa6+ Ba7 37. Rf1 Nf5 38. Bxa7 Qb5 39. Qxb5 Rxb5 40.
Bb6 Rb3 41. g4 Nh6 42. Rf8+ Kb7 43. Bd4 Ra3 44. Bc5 Ra1+ 45. Kg2 Rc7 46. Bb4
Nxg4 47. Re8 Nxe5 48. Rxe6 Nxg6 49. Rxg6 Rd7 50. h4 Ra4 51. Bf8 1/2-1/2

[Event "World Junior Chess Championship U18 g"]
[Site "Gaziantep"]
[Date "2008.08.11"]
[Round "9.23"]
[White "Middelveld, Martine"]
[Black "Sgircea, Silvia-Raluca"]
[Result "0-1"]
[WhiteElo "2073"]
[BlackElo "2167"]
[PlyCount "140"]
[EventDate "2008.08.??"]
[EventType "swiss"]
[EventRounds "13"]
[EventCountry "TUR"]

1. d4 d5 2. c4 dxc4 3. Nf3 Nf6 4. e3 e6 5. Bxc4 c5 6. O-O a6 7. a4 Nc6 8. Qe2
Qc7 9. Rd1 Bd6 10. Nc3 cxd4 11. exd4 O-O 12. Bg5 Be7 13. Rac1 Ne8 14. Bd2 Bd6
15. Bb3 Qb6 16. Bc2 Nxd4 17. Nxd4 Qxd4 18. Bg5 Qb4 19. Rd3 f5 20. Rcd1 Bc5 21.
h3 Nf6 22. Bb1 Qb6 23. Be3 Bxe3 24. Rxe3 Qc6 25. Ba2 Re8 26. Red3 Qc7 27. Rd6
Qe7 28. Qe5 Bd7 29. Qxf5 Rad8 30. Qe5 Kf7 31. Re1 Bc8 32. Rxd8 Rxd8 33. Qe3 g6
34. g4 Re8 35. Qf3 Kg7 36. Qe3 Ng8 37. g5 Qd6 38. Rd1 Qc7 39. Re1 Qd6 40. Rd1
Qc7 41. Qd4+ e5 42. Qe3 Ne7 43. Nd5 Nxd5 44. Rxd5 h6 45. gxh6+ Kh7 46. Rc5 Qe7
47. f4 Qh4 48. Rc7+ Kxh6 49. fxe5+ Qg5+ 50. Qxg5+ Kxg5 51. Bf7 Rd8 52. Kf2 Bxh3
53. Rxb7 Rc8 54. Rb6 Bf5 55. Ke3 Rc7 56. Bd5 Re7 57. Kd4 Kf4 58. e6 a5 59. Bc4
g5 60. Kd5 g4 61. Kd6 g3 62. Rb8 g2 63. Rg8 Bg4 64. Kxe7 g1=Q 65. Kd6 Qd4+ 66.
Bd5 Qe5+ 67. Kc6 Bxe6 68. Rf8+ Ke3 69. Bxe6 Qxe6+ 70. Kb5 Qd5+ 0-1

[Event "World Junior Chess Championship U18 g"]
[Site "Gaziantep"]
[Date "2008.08.11"]
[Round "9.24"]
[White "Kalashyan, Varduhi"]
[Black "Klimets, Elena"]
[Result "0-1"]
[WhiteElo "2049"]
[BlackElo "2150"]
[PlyCount "128"]
[EventDate "2008.08.??"]
[EventType "swiss"]
[EventRounds "13"]
[EventCountry "TUR"]

1. e4 d6 2. d4 Nf6 3. Nc3 g6 4. f4 Bg7 5. Nf3 O-O 6. Bd3 Na6 7. O-O c5 8. d5
Bg4 9. h3 Bxf3 10. Qxf3 Nb4 11. Bd2 e6 12. a3 Nxd3 13. Qxd3 exd5 14. exd5 Rc8
15. b3 a6 16. a4 Nd7 17. a5 f5 18. Ra4 Re8 19. g4 fxg4 20. hxg4 c4 21. Rxc4
Rxc4 22. bxc4 Qh4 23. Qf3 Nf6 24. Kg2 Qxg4+ 25. Qxg4 Nxg4 26. Kg3 Ne3 27. Re1
Nf5+ 28. Kf2 Bd4+ 29. Kf3 Rc8 30. Ne4 Rxc4 31. c3 Bg7 32. Rb1 Rc7 33. Rb4 h6
34. Ke2 Kf7 35. Kd3 Bf8 36. Bc1 Be7 37. Be3 h5 38. Bb6 Rd7 39. Rb1 h4 40. Rg1
Kg7 41. Nd2 Bd8 42. Bxd8 Rxd8 43. Rb1 Rd7 44. Ne4 Re7 45. c4 Kh6 46. Rb2 Kg7
47. Rh2 Kf8 48. Rg2 Kg7 49. Rh2 Kh8 50. Rg2 Kh7 51. Ng5+ Kh6 52. Ne4 Rf7 53.
Ng5 Rc7 54. Re2 Kh5 55. Ne4 Kg4 56. Rg2+ Kxf4 57. Rxg6 h3 58. Nf2 Rh7 59. Nh1
h2 60. Rg2 Rh3+ 61. Ke2 Ra3 62. Rf2+ Ke4 63. Rf1 Ra2+ 64. Ke1 Ke3 0-1